Forever undecided : a puzzle guide to Gödel /

Bibliographic Details
Main Author: Smullyan, Raymond M.
Format: Book
Language:English
Published: New York, N.Y. : Knopf, 1987.
Edition:1st ed.
Subjects:

MARC

Tag First Indicator Second Indicator Subfields
LEADER 00000cam a2200000 a 4500
001 in00000017924
005 20151007053111.0
008 860430s1987 nyu 00010 eng
010 |a  86045297  
020 |a 0394549430 
035 |a (OCoLC)13582513 
035 |9 AAB0402AM 
040 |a DLC  |c DLC  |d m/c  |d TXA  |d UtOrBLW 
049 |a TXAM  |c [A11057813] 
050 0 0 |a QA9.65  |b .S68 1987 
082 0 |a 511.3  |2 19 
100 1 |a Smullyan, Raymond M. 
245 1 0 |a Forever undecided :  |b a puzzle guide to Gödel /  |c by Raymond Smullyan. 
250 |a 1st ed. 
264 1 |a New York, N.Y. :  |b Knopf,  |c 1987. 
300 |a xii, 257 pages ;  |c 22 cm. 
336 |a text  |b txt  |2 rdacontent 
337 |a unmediated  |b n  |2 rdamedia 
338 |a volume  |b nc  |2 rdacarrier 
650 0 |a Gödel's theorem. 
650 0 |a Mathematical recreations. 
999 |a MARS 
999 f f |s c864633b-2164-33f9-b3f1-d805fe0fe10c  |i 8e9b56d8-ab17-3cb7-86d8-c8f20505c122  |t 0 
952 f f |p normal  |a Texas A&M University  |b College Station  |c Sterling C. Evans Library  |d Evans: Library Stacks  |t 0  |e QA9.65 .S68 1987  |h Library of Congress classification  |i unmediated -- volume  |m A14811057813 
998 f f |a QA9.65 .S68 1987  |t 0  |l Evans: Library Stacks